[Event "Oberliga Baden 0607"]
[Site "Germany"]
[Date "2007.03.18"]
[Round "7.3"]
[White "Hund, Barbara"]
[Black "Keitlinghaus, Ludger"]
[Result "0-1"]
[WhiteElo "2236"]
[BlackElo "2477"]
[PlyCount "68"]
[EventDate "2006.10.15"]
[EventType "team-tourn"]
[EventRounds "9"]
[EventCountry "GER"]
[SourceTitle "EXT 2008"]
[Source "ChessBase"]
[SourceDate "2007.11.25"]
[SourceVersion "1"]
[SourceVersionDate "2007.11.25"]
[SourceQuality "1"]
[WhiteTeam "Freiburg"]
[BlackTeam "Baden-Baden III"]
[WhiteTeamCountry "GER"]
[BlackTeamCountry "GER"]

1. e4 d5 2. exd5 Qxd5 3. Nc3 Qa5 4. d4 c6 5. Bc4 Nf6 6. Nge2 Bf5 7. Ng3 e6 8. Nxf5 Qxf5 9. Bd3 Qa5 10. 0-0 Bd6 11. Qe2 Qc7 12. h3 Nbd7 13. Bg5 0-0-0 14. Ne4 Bf4 15. Bxf4 Qxf4 16. Nxf6 Nxf6 17. c3 h5 18. Qe3 Nd5 19. Qe4 h4 20. Rfe1 Rh5 21. Bf1 Qf6 22. c4 Nb6 23. d5 cxd5 24. Qe2 Rf5 25. c5 Nc4 26. b3 Ne5 27. Rac1 Nc6 28. b4 Nxb4 29. Rb1 Nc6 30. Rxb7 Kxb7 31. Qa6+ Kc7 32. Rb1 Rc8 33. Qb7+ Kd8 34. Ba6 Rb8 0-1

[Event "Oberliga Baden 0607"]
[Site "Germany"]
[Date "2007.02.25"]
[Round "6.2"]
[White "Friedrich, Norbert"]
[Black "Keitlinghaus, Ludger"]
[Result "1/2-1/2"]
[WhiteElo "2292"]
[BlackElo "2477"]
[PlyCount "49"]
[EventDate "2006.10.15"]
[EventType "team-tourn"]
[EventRounds "9"]
[EventCountry "GER"]
[SourceTitle "EXT 2008"]
[Source "ChessBase"]
[SourceDate "2007.11.25"]
[SourceVersion "1"]
[SourceVersionDate "2007.11.25"]
[SourceQuality "1"]
[WhiteTeam "Waldshut"]
[BlackTeam "Baden-Baden III"]
[WhiteTeamCountry "GER"]
[BlackTeamCountry "GER"]

1. e4 e5 2. Nf3 Nc6 3. Bb5 a6 4. Ba4 Nge7 5. 0-0 g6 6. d4 exd4 7. Nxd4 Bg7 8. Nxc6 Nxc6 9. Nc3 0-0 10. Nd5 b5 11. Bb3 Nd4 12. Be3 Nxb3 13. axb3 d6 14. Bd4 f6 15. Re1 Bb7 16. Bc3 Qd7 17. Ba5 Rac8 18. Qd2 Qf7 19. Rad1 Rfe8 20. Bc3 Re6 21. f3 Rce8 22. Ba5 Rc8 23. Bc3 Rce8 24. Ba5 Rc8 25. Bc3 1/2-1/2

[Event "Oberliga Baden 0607"]
[Site "Germany"]
[Date "2006.12.10"]
[Round "4.3"]
[White "Keitlinghaus, Ludger"]
[Black "Raupp, Thomas"]
[Result "1/2-1/2"]
[WhiteElo "2477"]
[BlackElo "2347"]
[PlyCount "99"]
[EventDate "2006.10.15"]
[EventType "team-tourn"]
[EventRounds "9"]
[EventCountry "GER"]
[SourceTitle "EXT 2008"]
[Source "ChessBase"]
[SourceDate "2007.11.25"]
[SourceVersion "1"]
[SourceVersionDate "2007.11.25"]
[SourceQuality "1"]
[WhiteTeam "Baden-Baden III"]
[BlackTeam "Eppingen II"]
[WhiteTeamCountry "GER"]
[BlackTeamCountry "GER"]

1. e4 c5 2. c3 d5 3. exd5 Qxd5 4. d4 Nf6 5. Nf3 e6 6. Be3 cxd4 7. cxd4 Nc6 8. Nc3 Qd6 9. a3 Be7 10. Bd3 0-0 11. 0-0 b6 12. Qe2 Bb7 13. Rad1 Rac8 14. Rfe1 Rfe8 15. Bg5 g6 16. Bc4 Nd5 17. Bxd5 exd5 18. Bxe7 Rxe7 19. Qb5 Rd8 20. h3 Kg7 21. Rxe7 Nxe7 22. Re1 Nc8 23. Re3 Rd7 24. Ne5 Re7 25. Ng4 h5 26. Rxe7 Nxe7 27. Ne3 Bc6 28. Qa6 Qd7 29. h4 Qb7 30. Qd3 Qc7 31. g3 Qd7 32. Qc2 Qd6 33. Ne2 Qd7 34. Nf4 Ba4 35. Qc3 Bb5 36. Kh2 Qd6 37. Qb3 Bc6 38. Qd3 Qd7 39. Kg1 Qd6 40. f3 Qc7 41. Kf2 Qd6 42. Qb3 Kg8 43. Qc2 Kg7 44. Qc3 Kg8 45. Nd3 Kg7 46. Ne5 Bb5 47. Qc2 Be8 48. Nd3 Bb5 49. Nf4 Bc6 50. Qc3 1/2-1/2

[Event "Oberliga Baden 0506"]
[Site "Germany"]
[Date "2006.03.12"]
[Round "8.1"]
[White "Hund, Barbara"]
[Black "Keitlinghaus, Ludger"]
[Result "1/2-1/2"]
[WhiteElo "2276"]
[BlackElo "2494"]
[PlyCount "88"]
[EventDate "2005.10.23"]
[EventType "team-tourn"]
[EventRounds "9"]
[EventCountry "GER"]
[SourceTitle "EXT 2007"]
[Source "ChessBase"]
[SourceDate "2006.11.23"]
[SourceVersion "1"]
[SourceVersionDate "2006.11.23"]
[SourceQuality "1"]
[WhiteTeam "Freiburg"]
[BlackTeam "Kuppenheim"]
[WhiteTeamCountry "GER"]
[BlackTeamCountry "GER"]

1. e4 e5 2. Bc4 Nc6 3. d3 Bc5 4. Be3 Bb6 5. Nc3 d6 6. Nd5 Nge7 7. Nxb6 axb6 8. Ne2 Be6 9. Bxe6 fxe6 10. f4 Qd7 11. fxe5 Nxe5 12. 0-0 Rf8 13. Ng3 Rxf1+ 14. Qxf1 N7g6 15. a3 Ng4 16. Qe2 Nxe3 17. Qxe3 Kf8 18. Ne2 Kg8 19. Rf1 Rf8 20. Rxf8+ Nxf8 21. Nd4 Qa4 22. Qf2 Qa5 23. h3 Qe5 24. c3 Ng6 25. g3 Nf8 26. h4 Qh5 27. Kg2 h6 28. Qf3 Qe8 29. Qg4 c5 30. Nb3 Qb5 31. Qd1 d5 32. Qc2 dxe4 33. dxe4 Nd7 34. c4 Qc6 35. Nd2 Nf6 36. Qd3 Kf7 37. b3 Ke7 38. a4 g5 39. hxg5 hxg5 40. Qe3 g4 41. Qg5 Kf7 42. Qf4 Ke7 43. Qg5 Kf7 44. Qf4 Ke7 1/2-1/2

[Event "Oberliga Baden 0506"]
[Site "Germany"]
[Date "2005.12.11"]
[Round "4.1"]
[White "Keitlinghaus, Ludger"]
[Black "Lerch, Patrice"]
[Result "1/2-1/2"]
[WhiteElo "2494"]
[BlackElo "2291"]
[PlyCount "94"]
[EventDate "2005.10.23"]
[EventType "team-tourn"]
[EventRounds "9"]
[EventCountry "GER"]
[SourceTitle "EXT 2007"]
[Source "ChessBase"]
[SourceDate "2006.11.23"]
[SourceVersion "1"]
[SourceVersionDate "2006.11.23"]
[SourceQuality "1"]
[WhiteTeam "Kuppenheim"]
[BlackTeam "Lahr"]
[WhiteTeamCountry "GER"]
[BlackTeamCountry "GER"]

1. e4 c5 2. c3 d6 3. d4 Nf6 4. Bd3 g6 5. Nf3 Bg7 6. 0-0 0-0 7. h3 Qc7 8. Bf4 a6 9. Nbd2 b5 10. e5 Nd5 11. exd6 exd6 12. Bh2 c4 13. Be2 Re8 14. Re1 Nc6 15. Rc1 Bd7 16. b3 Na5 17. bxc4 bxc4 18. Qc2 Rab8 19. Bf1 Bf8 20. Rxe8 Bxe8 21. Re1 Bd7 22. Qc1 h6 23. Qa3 f5 24. h4 Re8 25. Rxe8 Bxe8 26. Ne1 Bb5 27. Nc2 Qd8 28. Nb4 Nf6 29. Qc1 d5 30. Nf3 Nc6 31. a4 Bxa4 32. Nxa6 Qa5 33. Nc5 Ne4 34. Nxe4 fxe4 35. Ne5 Nxe5 36. Bxe5 Bd7 37. Qf4 Qd8 38. Be2 Bf5 39. h5 Qg5 40. Qxg5 hxg5 41. Bf6 g4 42. hxg6 Bh6 43. Be7 Bd2 44. Bb4 Kg7 45. Kf1 Kxg6 46. Bd1 Bd7 47. Ke2 Bf4 1/2-1/2

[Event "Oberliga Baden 0506"]
[Site "Germany"]
[Date "2005.11.13"]
[Round "2.1"]
[White "Keitlinghaus, Ludger"]
[Black "Wirthensohn, Heinz"]
[Result "1/2-1/2"]
[WhiteElo "2494"]
[BlackElo "2391"]
[PlyCount "107"]
[EventDate "2005.10.23"]
[EventType "team-tourn"]
[EventRounds "9"]
[EventCountry "GER"]
[SourceTitle "EXT 2007"]
[Source "ChessBase"]
[SourceDate "2006.11.23"]
[SourceVersion "1"]
[SourceVersionDate "2006.11.23"]
[SourceQuality "1"]
[WhiteTeam "Kuppenheim"]
[BlackTeam "Waldshut Tiengen"]
[WhiteTeamCountry "GER"]
[BlackTeamCountry "GER"]

1. e4 c5 2. Nf3 g6 3. d4 cxd4 4. Nxd4 Nc6 5. c4 Nf6 6. Nc3 d6 7. Nc2 Bg7 8. Be2 0-0 9. Be3 Nd7 10. Qd2 Nc5 11. f3 Qa5 12. 0-0 Bxc3 13. bxc3 Be6 14. Nb4 Rfc8 15. Nd5 Qd8 16. Bxc5 dxc5 17. f4 f6 18. Rad1 b6 19. Qe3 Qf8 20. h4 Kh8 21. g4 Bg8 22. g5 Rd8 23. Kg2 Qg7 24. Bf3 Rd6 25. Rde1 Rad8 26. Rf2 Na5 27. Be2 Be6 28. Kh2 Bc8 29. gxf6 exf6 30. e5 fxe5 31. fxe5 Re6 32. Rf6 Nc6 33. Rxe6 Bxe6 34. Bf3 Ne7 35. Qg5 Rd7 36. Nxe7 Qxe7 37. Qxe7 Rxe7 38. Bd5 Kg7 39. Kg3 Kf8 40. Bxe6 Rxe6 41. Kf4 Ke7 42. Rh1 Rc6 43. h5 Rc8 44. hxg6 Rf8+ 45. Ke4 hxg6 46. Rh6 Rf2 47. a4 Re2+ 48. Kd5 Rd2+ 49. Kc6 Rc2 50. Rxg6 Rxc3 51. Kd5 Rd3+ 52. Ke4 Rc3 53. Kd5 Rd3+ 54. Ke4 1/2-1/2

[Event "FRA-chT2D 0506"]
[Site "France"]
[Date "2005.10.16"]
[Round "1.1"]
[White "Serafimov, Tervel"]
[Black "Keitlinghaus, Ludger"]
[Result "0-1"]
[WhiteElo "2404"]
[BlackElo "2494"]
[PlyCount "96"]
[EventDate "2005.10.27"]
[EventType "team-tourn"]
[EventRounds "11"]
[EventCountry "FRA"]
[SourceTitle "EXT 2006"]
[Source "ChessBase"]
[SourceDate "2005.11.24"]
[SourceVersion "1"]
[SourceVersionDate "2005.11.24"]
[SourceQuality "1"]
[WhiteTeam "Mulhouse"]
[BlackTeam "Bischwiller"]
[WhiteTeamCountry "FRA"]
[BlackTeamCountry "FRA"]

1. c4 Nf6 2. g3 c6 3. Bg2 d5 4. Nf3 g6 5. b3 Bg7 6. Bb2 0-0 7. Qc2 Bg4 8. d3 Nbd7 9. Nbd2 Re8 10. Ne5 Nxe5 11. Bxe5 Qd7 12. h3 Be6 13. g4 Nh5 14. Qb2 Bxe5 15. Qxe5 f6 16. Qh2 Ng7 17. Rc1 Bf7 18. Qf4 Qd8 19. cxd5 cxd5 20. 0-0 e5 21. Qb4 Qd7 22. e4 Ne6 23. exd5 Nf4 24. Ne4 Kg7 25. Qd6 Qxd6 26. Nxd6 Re7 27. Rc5 Rd8 28. Nc8 Red7 29. Nxa7 Bxd5 30. Bxd5 Rxd5 31. Rxd5 Rxd5 32. a4 Rxd3 33. Rb1 Nxh3+ 34. Kf1 Rd2 35. b4 Rxf2+ 36. Ke1 Ra2 37. a5 Nf4 38. Nb5 h5 39. gxh5 gxh5 40. Nc3 Rc2 41. Nd1 h4 42. b5 h3 43. Nf2 h2 44. Nh1 Nd5 45. a6 bxa6 46. bxa6 Ra2 47. Rb7+ Kg6 48. a7 e4 0-1

[Event "Bundesliga 0405"]
[Site "Germany"]
[Date "2004.11.28"]
[Round "4.8"]
[White "Enders, Peter"]
[Black "Keitlinghaus, Ludger"]
[Result "1/2-1/2"]
[WhiteElo "2456"]
[BlackElo "2493"]
[PlyCount "71"]
[EventDate "2004.11.12"]
[EventType "team-tourn"]
[EventRounds "15"]
[EventCountry "GER"]
[SourceTitle "CBM 105"]
[Source "ChessBase"]
[SourceDate "2005.04.11"]
[SourceVersion "1"]
[SourceVersionDate "2005.04.11"]
[SourceQuality "1"]
[WhiteTeam "Erfurt"]
[BlackTeam "Baden Oos"]
[WhiteTeamCountry "GER"]
[BlackTeamCountry "GER"]

1. b3 d5 2. Bb2 Bf5 3. d3 e6 4. Nd2 Nf6 5. g3 h6 6. Bg2 Bh7 7. e4 c6 8. Qe2 Bb4 9. e5 Nfd7 10. Qg4 Bxd2+ 11. Kxd2 0-0 12. Nf3 c5 13. Rhe1 Nc6 14. Ke2 d4 15. Kf1 Qc7 16. Qf4 g5 17. Qd2 Ncxe5 18. Nxe5 Nxe5 19. h4 f6 20. hxg5 hxg5 21. Kg1 Bf5 22. b4 Rad8 23. bxc5 Qxc5 24. Rac1 Rf7 25. a3 Bg4 26. f4 Nf3+ 27. Bxf3 Bxf3 28. fxg5 fxg5 29. Rxe6 Qf5 30. Rce1 Rh7 31. R1e5 Rh1+ 32. Kf2 Rh2+ 33. Ke1 Rh1+ 34. Kf2 Rh2+ 35. Ke1 Rh1+ 36. Kf2 1/2-1/2

[Event "Bundesliga 0405"]
[Site "Germany"]
[Date "2004.11.13"]
[Round "1.8"]
[White "Keitlinghaus, Ludger"]
[Black "Straeter, Timo"]
[Result "1-0"]
[WhiteElo "2493"]
[BlackElo "2348"]
[PlyCount "55"]
[EventDate "2004.11.12"]
[EventType "team-tourn"]
[EventRounds "15"]
[EventCountry "GER"]
[SourceTitle "EXT 2005"]
[Source "ChessBase"]
[SourceDate "2004.11.15"]
[SourceVersion "1"]
[SourceVersionDate "2004.11.15"]
[SourceQuality "1"]
[WhiteTeam "Baden Oos"]
[BlackTeam "Wattenscheid"]
[WhiteTeamCountry "GER"]
[BlackTeamCountry "GER"]

1. e4 e5 2. Nf3 Nc6 3. Nc3 Nf6 4. Bb5 Bb4 5. 0-0 0-0 6. Bxc6 dxc6 7. d3 Bxc3 8. bxc3 Bg4 9. h3 Bh5 10. Kh2 Qd6 11. Rg1 Bxf3 12. Qxf3 Nd7 13. Qg3 f5 14. exf5 Rxf5 15. Be3 Nf6 16. Kh1 Rf8 17. c4 Nh5 18. Qg4 Nf4 19. Rae1 h5 20. Qd1 Ng6 21. f3 Nh4 22. Bf2 Nxf3 23. gxf3 Rxf3 24. Bg3 Qe6 25. Qe2 Rf2 26. Qxh5 R2f5 27. Qg4 Qf6 28. Bh2 1-0

[Event "FRA-chT2 0405"]
[Site "France"]
[Date "2004.11.06"]
[Round "2.1"]
[White "Keitlinghaus, Ludger"]
[Black "Viennois, Romain"]
[Result "1-0"]
[WhiteElo "2493"]
[BlackElo "2067"]
[PlyCount "81"]
[EventDate "2004.10.10"]
[EventType "team-tourn"]
[EventRounds "11"]
[EventCountry "FRA"]
[SourceTitle "EXT 2006"]
[Source "ChessBase"]
[SourceDate "2005.11.24"]
[SourceVersion "1"]
[SourceVersionDate "2005.11.24"]
[SourceQuality "1"]

1. e4 e5 2. Nf3 Nc6 3. Nc3 Nf6 4. Bb5 Nd4 5. Nxe5 Qe7 6. f4 Nxb5 7. Nxb5 d6 8. Nf3 Qxe4+ 9. Kf2 Ng4+ 10. Kg1 Kd8 11. h3 Nh6 12. d4 Bf5 13. Ne1 Qc6 14. Nc3 d5 15. g4 Be4 16. Nxe4 dxe4 17. Be3 f5 18. d5 Qg6 19. g5 Nf7 20. h4 h5 21. c4 Qa6 22. b3 Qa5 23. Nc2 g6 24. Nd4 Kd7 25. a3 Qc3 26. Kf2 Bc5 27. Nxf5 Ne5 28. fxe5 Bxe3+ 29. Nxe3 Rhf8+ 30. Kg2 Qxe3 31. Rf1 Rf4 32. e6+ Ke7 33. Qe1 Rg4+ 34. Kh2 Qxe1 35. Rf7+ Kd6 36. Rxe1 Rxh4+ 37. Kg3 Rg4+ 38. Kh3 c6 39. Rd7+ Ke5 40. e7 Re8 41. d6 1-0

[Event "Bundesliga 0304"]
[Site "Germany"]
[Date "2004.03.07"]
[Round "10.6"]
[White "Houska, Jovanka"]
[Black "Keitlinghaus, Ludger"]
[Result "1-0"]
[WhiteElo "2358"]
[BlackElo "2503"]
[PlyCount "39"]
[EventDate "2003.11.01"]
[EventType "team-tourn"]
[EventRounds "15"]
[EventCountry "GER"]
[SourceTitle "CBM 100"]
[Source "ChessBase"]
[SourceDate "2004.06.01"]
[SourceVersion "1"]
[SourceVersionDate "2004.06.01"]
[SourceQuality "1"]
[WhiteTeam "Hofheim"]
[BlackTeam "Baden Oos"]
[WhiteTeamCountry "GER"]
[BlackTeamCountry "GER"]

1. e4 d5 2. exd5 Qxd5 3. Nc3 Qa5 4. Bc4 Nf6 5. d3 c6 6. Bd2 Qb6 7. Nf3 Qxb2 8. Ng5 e6 9. 0-0 Be7 10. Rb1 Qa3 11. Nce4 Nxe4 12. Nxe4 b5 13. Bb3 0-0 14. Bc3 f5 15. Bb2 Qa5 16. Ng3 Na6 17. Qf3 Nc5 18. Nxf5 Rxf5 19. Qxf5 Nxb3 20. Qe5 1-0

[Event "GER CupT"]
[Site "Baden-Oos"]
[Date "2004.02.21"]
[Round "4.3"]
[White "Keitlinghaus, Ludger"]
[Black "Sabrowski, Uwe"]
[Result "1-0"]
[WhiteElo "2506"]
[BlackElo "2124"]
[PlyCount "81"]
[EventDate "2004.02.??"]
[EventType "team-tourn"]
[EventRounds "1"]
[EventCountry "GER"]
[SourceTitle "EXT 2005"]
[Source "ChessBase"]
[SourceDate "2004.11.15"]
[SourceVersion "1"]
[SourceVersionDate "2004.11.15"]
[SourceQuality "1"]
[WhiteTeam "Baden Oos"]
[WhiteTeamCountry "GER"]

1. e4 c5 2. c3 d5 3. exd5 Qxd5 4. d4 Nf6 5. Nf3 Bg4 6. Qa4+ Bd7 7. Qb3 Qxb3 8. axb3 e6 9. Na3 Nc6 10. dxc5 Bxc5 11. b4 Be7 12. Nc4 0-0 13. b5 Nb4 14. cxb4 Bxb5 15. Bd2 Nd5 16. Na3 Bxf1 17. Rxf1 Nxb4 18. Ke2 a6 19. Rac1 Nd5 20. g3 Rad8 21. Nc4 Bf6 22. Rc2 Rfe8 23. Ne3 h6 24. Rfc1 Rd7 25. Rc8 Rxc8 26. Rxc8+ Kh7 27. Nxd5 Rxd5 28. Rc7 Rb5 29. b4 Kg8 30. Ne1 Be5 31. Rc8+ Kh7 32. Nd3 Bf6 33. Rc7 Kg8 34. Nc5 b6 35. Nxa6 Bd4 36. Rc4 Be5 37. Nc7 Bxc7 38. Rxc7 h5 39. h4 Rd5 40. Be3 Re5 41. Rc8+ 1-0

[Event "Bundesliga 0304"]
[Site "Germany"]
[Date "2004.02.13"]
[Round "7.6"]
[White "Heinatz, Thomas"]
[Black "Keitlinghaus, Ludger"]
[Result "0-1"]
[WhiteElo "2332"]
[BlackElo "2503"]
[PlyCount "56"]
[EventDate "2003.11.01"]
[EventType "team-tourn"]
[EventRounds "15"]
[EventCountry "GER"]
[SourceTitle "CBM 100"]
[Source "ChessBase"]
[SourceDate "2004.06.01"]
[SourceVersion "1"]
[SourceVersionDate "2004.06.01"]
[SourceQuality "1"]
[WhiteTeam "Stuttgart"]
[BlackTeam "Baden Oos"]
[WhiteTeamCountry "GER"]
[BlackTeamCountry "GER"]

1. e4 d5 2. exd5 Qxd5 3. Nc3 Qa5 4. d4 c6 5. Nf3 Bf5 6. Bc4 Nd7 7. Bd2 e6 8. Ne4 Qc7 9. Ng3 Bg6 10. h4 h6 11. h5 Bh7 12. Qe2 Bxc2 13. Rc1 Bh7 14. 0-0 Ngf6 15. d5 cxd5 16. Bxd5 Qb6 17. Be3 Bc5 18. Bxb7 Bxe3 19. Bxa8 Bxc1 20. Rxc1 0-0 21. Bc6 Rc8 22. Qc4 Qxb2 23. a4 Nb8 24. Nd4 Bd3 25. Qc3 Qxc3 26. Rxc3 Ba6 27. Rc2 e5 28. Ndf5 Kf8 0-1

[Event "Niederbronn"]
[Site "Niederbronn"]
[Date "2003.08.06"]
[Round "5"]
[White "Keitlinghaus, Ludger"]
[Black "Netzer, Jean"]
[Result "1-0"]
[WhiteElo "2506"]
[BlackElo "2268"]
[PlyCount "67"]
[EventDate "2003.08.02"]
[EventType "tourn"]
[EventRounds "9"]
[EventCountry "FRA"]
[EventCategory "4"]
[SourceTitle "CBM 095 Extra"]
[Source "ChessBase"]
[SourceDate "2003.09.04"]
[SourceVersion "1"]
[SourceVersionDate "2003.09.04"]
[SourceQuality "1"]

1. e4 Nf6 2. e5 Nd5 3. d4 d6 4. Nf3 c6 5. c4 Nc7 6. exd6 exd6 7. h3 Bf5 8. Qb3 Qc8 9. Nc3 Be7 10. Be2 0-0 11. Bf4 Nd7 12. 0-0 Ne6 13. Bh2 Nf6 14. Rfe1 h6 15. Bf1 Qd7 16. Rad1 Ng5 17. Nxg5 hxg5 18. d5 c5 19. Bd3 Bxd3 20. Rxd3 Rfe8 21. Rde3 g4 22. Qb5 Qc7 23. Ne4 Rec8 24. Nxf6+ Bxf6 25. hxg4 a6 26. Qb3 b5 27. cxb5 Rab8 28. a4 axb5 29. axb5 Qd7 30. b6 Rd8 31. Re4 Qb7 32. Bxd6 Rbc8 33. Bxc5 g6 34. Be7 1-0

[Event "Neckar op-A 7th"]
[Site "Deizisau"]
[Date "2003.04.20"]
[Round "6"]
[White "Kanep, Meelis"]
[Black "Keitlinghaus, Ludger"]
[Result "1/2-1/2"]
[WhiteElo "2445"]
[BlackElo "2500"]
[PlyCount "64"]
[EventDate "2003.04.18"]
[EventType "swiss"]
[EventRounds "9"]
[EventCountry "GER"]
[SourceTitle "CBM 093 Extra"]
[Source "ChessBase"]
[SourceDate "2003.05.09"]
[SourceVersion "1"]
[SourceVersionDate "2003.05.09"]
[SourceQuality "1"]

1. c4 c6 2. Nf3 d5 3. e3 Nf6 4. Nc3 a6 5. Be2 b5 6. cxd5 cxd5 7. 0-0 e6 8. Ne5 Be7 9. f4 0-0 10. Bf3 Bb7 11. b3 Nbd7 12. Bb2 Nxe5 13. fxe5 Nd7 14. Ne2 Qb8 15. d4 b4 16. Nf4 Bc6 17. Bg4 Bb5 18. Rf3 Qb6 19. Rh3 Rfc8 20. Qb1 Nf8 21. Bf3 Ng6 22. Nxg6 hxg6 23. e4 Bc6 24. exd5 Bxd5 25. Bxd5 exd5 26. Qd3 Ra7 27. Rf1 Qe6 28. Rhf3 Bg5 29. R3f2 Rac7 30. Qg3 Bh6 31. h4 Rc2 32. Kh2 Rxf2 1/2-1/2

[Event "Neckar op-A 7th"]
[Site "Deizisau"]
[Date "2003.04.20"]
[Round "7"]
[White "Keitlinghaus, Ludger"]
[Black "Troyke, Christian"]
[Result "1/2-1/2"]
[WhiteElo "2500"]
[BlackElo "2351"]
[PlyCount "130"]
[EventDate "2003.04.18"]
[EventType "swiss"]
[EventRounds "9"]
[EventCountry "GER"]
[SourceTitle "CBM 093 Extra"]
[Source "ChessBase"]
[SourceDate "2003.05.09"]
[SourceVersion "1"]
[SourceVersionDate "2003.05.09"]
[SourceQuality "1"]

1. e4 c5 2. c3 d6 3. d4 Nf6 4. Bd3 cxd4 5. cxd4 g6 6. Nc3 Bg7 7. h3 0-0 8. Nf3 Nc6 9. 0-0 e5 10. dxe5 dxe5 11. Be3 Be6 12. Bb5 Na5 13. Qe2 a6 14. Bd3 Nc6 15. Na4 Nd7 16. Nc5 Nxc5 17. Bxc5 Re8 18. Be3 h6 19. Rfd1 Qe7 20. Bc4 Red8 21. a3 Bxc4 22. Rxd8+ Rxd8 23. Qxc4 Qd6 24. Rc1 Qd3 25. Ne1 Qxc4 26. Rxc4 Bf8 27. Kf1 f6 28. Ke2 Kf7 29. Bb6 Rc8 30. Rc3 Bd6 31. Nd3 Ke6 32. Kd1 Rf8 33. f3 Rf7 34. Ke2 Rf8 35. Rc1 Rc8 36. Rc3 Ne7 37. Kd2 Nc6 38. Rb3 Rh8 39. Ke2 Rh7 40. Be3 g5 41. Bb6 h5 42. Be3 h4 43. Bb6 Rf7 44. Nf2 Bc7 45. Be3 Bd6 46. Rc3 Rc7 47. Bb6 Rd7 48. Ng4 Bc7 49. Bc5 Bd6 50. Be3 Be7 51. Nh6 Bd8 52. Nf5 Ne7 53. Nh6 Nc6 54. Ng4 Be7 55. Bf2 Bd8 56. Nh6 Be7 57. Nf5 Bf8 58. Bb6 Be7 59. Rd3 Rxd3 60. Kxd3 Bf8 61. Kc4 Bd6 62. a4 Bb8 63. b4 Bd6 64. Bc5 Bc7 65. Be3 Bb8 1/2-1/2

[Event "Neckar op-A 7th"]
[Site "Deizisau"]
[Date "2003.04.19"]
[Round "4"]
[White "Brendel, Oliver"]
[Black "Keitlinghaus, Ludger"]
[Result "0-1"]
[WhiteElo "2375"]
[BlackElo "2500"]
[PlyCount "65"]
[EventDate "2003.04.18"]
[EventType "swiss"]
[EventRounds "9"]
[EventCountry "GER"]
[SourceTitle "CBM 093 Extra"]
[Source "ChessBase"]
[SourceDate "2003.05.09"]
[SourceVersion "1"]
[SourceVersionDate "2003.05.09"]
[SourceQuality "1"]

1. e4 d5 2. exd5 Qxd5 3. Nc3 Qa5 4. d4 c6 5. Nf3 Bf5 6. Bc4 Nd7 7. Bd2 e6 8. Qe2 Bb4 9. a3 Ngf6 10. Ne5 Nxe5 11. dxe5 Nd5 12. Bxd5 exd5 13. 0-0 Bxc3 14. Bxc3 Qa4 15. Bb4 Qxc2 16. Qe3 h6 17. Rac1 Qe4 18. Qc5 Qh4 19. a4 a5 20. Bxa5 Qe7 21. Qc3 d4 22. Qd2 Qe6 23. Bb4 b6 24. Bd6 Qd5 25. Qb4 Ra6 26. Rc5 Qe4 27. Ra5 Rxa5 28. Qxb6 Rxe5 29. Qc7 f6 30. a5 Re7 31. Qb8+ Kf7 32. Qb6 Rd7 33. Bb8 0-1

[Event "Bundesliga 0203"]
[Site "Germany"]
[Date "2003.03.30"]
[Round "15.8"]
[White "Lotzien, Hans"]
[Black "Keitlinghaus, Ludger"]
[Result "0-1"]
[WhiteElo "2231"]
[BlackElo "2500"]
[PlyCount "75"]
[EventDate "2002.10.19"]
[EventType "team-tourn"]
[EventRounds "15"]
[EventCountry "GER"]
[SourceTitle "CBM 095"]
[Source "ChessBase"]
[SourceDate "2003.07.25"]
[SourceVersion "1"]
[SourceVersionDate "2003.07.25"]
[SourceQuality "1"]
[WhiteTeam "Godesberg"]
[BlackTeam "Baden Oos"]
[WhiteTeamCountry "GER"]
[BlackTeamCountry "GER"]

1. e4 e6 2. Qe2 c5 3. f4 Nc6 4. Nf3 d6 5. d3 g6 6. Bd2 Bg7 7. Bc3 e5 8. Nbd2 Nge7 9. fxe5 dxe5 10. Qf2 Nd4 11. Bxd4 cxd4 12. Be2 Nc6 13. 0-0 0-0 14. Qg3 Qe7 15. Kh1 Bd7 16. a3 Kh8 17. Qh4 Qxh4 18. Nxh4 Rad8 19. g4 Bh6 20. Nb3 Bg5 21. Ng2 Kg7 22. Rf2 b6 23. h4 Be7 24. Raf1 Rc8 25. Bd1 h6 26. Nd2 b5 27. Kh2 Nd8 28. Nf3 Bxg4 29. Kg3 Bxf3 30. Rxf3 h5 31. R3f2 Ne6 32. Ne1 Nc5 33. c3 dxc3 34. bxc3 Ne6 35. Rb2 Rxc3 36. Rxb5 Rxa3 37. Rb7 Bf6 38. Rb3 0-1

[Event "Bundesliga 0203"]
[Site "Germany"]
[Date "2003.03.29"]
[Round "14.8"]
[White "Keitlinghaus, Ludger"]
[Black "Van den Doel, Erik"]
[Result "1/2-1/2"]
[WhiteElo "2500"]
[BlackElo "2594"]
[PlyCount "123"]
[EventDate "2002.10.19"]
[EventType "team-tourn"]
[EventRounds "15"]
[EventCountry "GER"]
[SourceTitle "CBM 095"]
[Source "ChessBase"]
[SourceDate "2003.07.25"]
[SourceVersion "1"]
[SourceVersionDate "2003.07.25"]
[SourceQuality "1"]
[WhiteTeam "Baden Oos"]
[BlackTeam "Koeln Porz"]
[WhiteTeamCountry "GER"]
[BlackTeamCountry "GER"]

1. e4 e5 2. Nf3 Nc6 3. Nc3 Nf6 4. Bb5 Bd6 5. a3 0-0 6. Bc4 Nd4 7. d3 c6 8. Nxd4 exd4 9. Ne2 Bc7 10. 0-0 d5 11. exd5 Nxd5 12. Nxd4 Bxh2+ 13. Kxh2 Qh4+ 14. Kg1 Qxd4 15. c3 Qf6 16. Bxd5 cxd5 17. d4 Re8 18. Re1 Bf5 19. Bf4 Be4 20. Be5 Qb6 21. Qd2 Re6 22. Re3 Rg6 23. Rg3 Re8 24. Bf4 Rge6 25. Re1 f6 26. Qc1 Bf5 27. Rge3 g5 28. Rxe6 Rxe6 29. Rxe6 Qxe6 30. Bb8 a6 31. Qe3 Qxe3 32. fxe3 Kf7 33. a4 Bc2 34. a5 Ke6 35. Kf2 Kf5 36. Bc7 h5 37. g3 Ba4 38. b4 h4 39. gxh4 gxh4 40. Bd8 Bc2 41. Kg2 Kg5 42. Be7 Bf5 43. Bd8 Kg6 44. Kh2 Kf7 45. Kg2 Ke6 46. Kh2 Bg4 47. Kg2 Kf5 48. Be7 Kg5 49. Bd8 Be2 50. Be7 Bg4 51. Bd8 Kg6 52. Kh2 Kf7 53. Kg2 h3+ 54. Kg3 Bf5 55. Kh2 Ke6 56. Kg3 Bg4 57. Kf2 Be2 58. Kg1 f5 59. Bc7 Kd7 60. Bf4 Kc6 61. Kf2 Bg4 62. Ke1 1/2-1/2